|
|
|
|
| LEADER |
01075nam a22002537a 4500 |
| 001 |
34837 |
| 003 |
BD-DhAAL |
| 005 |
20250807150227.0 |
| 008 |
190721r2018 bg ||||| |||| 00| 1 ben d |
| 020 |
|
|
|a 98481601003
|
| 040 |
|
|
|a BD-DhAAL
|d BD-DhAAL
|
| 041 |
|
|
|a ben
|
| 082 |
|
|
|a 891.44371
|2 23
|
| 100 |
|
|
|a আহমেদ, হুমায়ূন
|9 32970
|
| 245 |
|
|
|a বৃষ্টি বিলাস /
|c হুমায়ূন আহমেদ,
|
| 260 |
|
|
|a ঢাকা :
|b অন্যপ্রকাশ,
|c ২০১৮ [অষ্টাদশ মুদ্রণ].
|
| 300 |
|
|
|a ১০৩ পৃষ্ঠা ;
|c ২২ সে.মি.
|
| 526 |
|
|
|a Residential Campus
|
| 541 |
|
|
|a Development Book Agency
|e 34837
|
| 650 |
|
|
|a Bengali fiction
|z Bangladesh.
|9 32971
|
| 852 |
|
|
|a Savar Campus Library
|c General Stacks
|
| 942 |
|
|
|2 ddc
|c BK
|
| 999 |
|
|
|c 40921
|d 40921
|
| 952 |
|
|
|0 0
|1 0
|2 ddc
|4 0
|6 891_443710000000000_AHM
|7 0
|9 65684
|a SCL
|b SCL
|c GEN
|d 2019-07-17
|e Development Book Agency
|g 176.00
|l 45
|m 30
|o 891.44371 AHM
|p 3020034837
|q 2026-06-04
|r 2026-05-21
|s 2026-05-21
|t 1
|v 176.00
|w 2019-07-17
|y BK
|